00505nam a2200133Ia 4500008004100000245014300041260004900184260000900233300001000242500001200252650001600264999001900280952007200299170224s9999 xx 000 0 und d aLow self-esteem prospectively predicts depression in the transition to young adulthood: A replication of Orth, Robins, and Roberts (2008). bJournal of Personality and Social Psychology c2016 a110:1 aJanuary xPsychology. c316562d316562 001040aCLbCLd2017-02-24l0r2017-02-24 00:00:00w2017-02-24ySE